01779pab a2200145 454500008004000000100002200040245008500062260000900147300001400156362001200170520138100182650002501563650001201588773003301600180718b2002 xxu||||| |||| 00| 0 eng d aSaha, Asoke Kumar aPoverty alleviation in developing countries with special reference to Bangladesh c2002 ap.265-74. aApr-Jun aAmong the developing countries poverty is a pervasive phenomenon in Bangladesh. Mainly, poverty explained by inadequate resources, lack of skill, inadequate technology and capital for development of resources, lack of motivation, deprivation of fruits of labour, exploitation and the like. Poverty, disease, malnutrition and unemployment are acute in Bangladesh. In social science parlance, various disciplines like economics, sociology, political science and psychology focus on poverty in different ways. Social psychologists suggest that physical quality of living and perceived economic status as more pragmatic and relevant indicators of poverty. Structural changes are a must to improve the condition of the poor. Hence, a strategy for poverty alleviation using a multi-disciplinary approach has been suggested. A programme has been devised for the rural poor which includes: (i) target group selection, (ii) education, (iii) health, (iv) savings, (v) self-employment (A multi-sectoral approach), (vi) social reconstruction and social action. Explanations and operationalisation for the above programme strategies are developed and related matters are discussed in this paper. In conclusion, economic development and related poverty alleviation consequences are examined through successful implementation of the suggested programme and strategies. - Reproduced. aPoverty - Bangladesh aPoverty aJournal of Rural Development